000 00754pam a2200241 a 4500
001 2014821
005 20180226045001.0
008 910610s1992 dcua b 001 0 eng
010 _a 91023599
020 _a0871876035
040 _aDLC
_cDLC
_dDLC
041 _aeng
043 _an-us---
080 _a303.380973 ASH
082 0 0 _a303.380973 ASH
_220
100 1 _a20
101 _aPOL
245 1 0 _aPolling and the public :
_cHerbert Asher.
504 _aIncludes bibliographical references (p. 163-173) and index.
906 _a7
_bcbc
_corignew
_d1
_eocip
_f19
_gy-gencatlg
942 _2ddc
_cBK
999 _c43433
_d43433